000
00224nam a22001217a 4500
040
_c
SY
082
_a
339
100
_a
CHHAY KONGKEA
245
_a
Microeconomic
260
_a
RUA
_b
CHH
_c
2013
300
_a
61p.
942
_c
KB
999
_c
8891
_d
8891